| 000 | 00844nam a2200193Ii 4500 | ||
|---|---|---|---|
| 003 | JO-AjNU | ||
| 008 | 230605s9999||||xx |||||||||||||| ||und|| | ||
| 040 |
_aJO-AjNU _bara _erda _cJO-AjNU |
||
| 041 | _aara | ||
| 050 | 1 | 4 | _aPJ6101.I27 1960z |
| 100 | 3 |
_aتاليف عبد الحميد، محمد محي الدين, _eauthor _959340 |
|
| 245 | 0 | 0 | _aشرح ابن عقيل قاضي القضاة بهاء الدين عبد الله بن عقيل العقيلي الهمذاني المصري على ألفية الإمام الحجة الثبت أبي عبد الله محمد جمال الدين بن مالك، ج1 |
| 264 | 3 | 1 | _aد.م: د.ن |
| 300 | _aج1: 686ص | ||
| 336 |
_atext _btxt _2rdacontent |
||
| 337 |
_aunmediated _bn _2rdamedia |
||
| 338 |
_avolume _bnc _2rdacarrier |
||
| 650 | 4 |
_aاللغة العربية- نحو- صرف _959341 |
|
| 999 |
_aA26698 _c30266 _d30266 |
||